Pharmacotherapy : (Record no. 278912)
[ view plain ]
| 000 -LEADER | |
|---|---|
| fixed length control field | 01943cam a22003738i 4500 |
| 001 - CONTROL NUMBER | |
| control field | MEB002866 |
| 005 - DATE AND TIME OF LATEST TRANSACTION | |
| control field | 20150128143317.0 |
| 008 - FIXED-LENGTH DATA ELEMENTS--GENERAL INFORMATION | |
| fixed length control field | 130926s2014 nyu 000 0 eng |
| 010 ## - LIBRARY OF CONGRESS CONTROL NUMBER | |
| LC control number | 2013038907 |
| 020 ## - INTERNATIONAL STANDARD BOOK NUMBER | |
| International Standard Book Number | 9780071800532 (hbk. : alk. paper) |
| 035 ## - SYSTEM CONTROL NUMBER | |
| System control number | (DNLM)101617874 |
| 040 ## - CATALOGING SOURCE | |
| Original cataloging agency | DNLM/DLC |
| Transcribing agency | DLC |
| Description conventions | rda |
| 042 ## - AUTHENTICATION CODE | |
| Authentication code | pcc |
| 050 00 - LIBRARY OF CONGRESS CALL NUMBER | |
| Classification number | RM 263 |
| Item number | .P494 2014 |
| 130 0# - MAIN ENTRY--UNIFORM TITLE | |
| Uniform title | Pharmacotherapy (New York) |
| 245 10 - TITLE STATEMENT | |
| Title | Pharmacotherapy : |
| Remainder of title | a pathophysiologic approach / |
| Statement of responsibility, etc | [edited] by Joseph T. DiPiro [and five others]. |
| 250 ## - EDITION STATEMENT | |
| Edition statement | 9th edition. |
| 260 ## - PUBLICATION, DISTRIBUTION, ETC. (IMPRINT) | |
| Place of publication, distribution, etc | New York : |
| Name of publisher, distributor, etc | McGraw-Hill Education, |
| Date of publication, distribution, etc | c2014. |
| 263 ## - PROJECTED PUBLICATION DATE | |
| Projected publication date | 1402. |
| 300 ## - PHYSICAL DESCRIPTION | |
| Extent | xxxviii, 2586 pages : |
| Other physical details | color illustrations ; |
| Dimensions | 28 cm. |
| 504 ## - BIBLIOGRAPHY, ETC. NOTE | |
| Bibliography, etc | Includes bibliographical references and index. |
| 505 ## - FORMATTED CONTENTS NOTE | |
| Formatted contents note | Section 1. Cardiovascular disorders -- section 2. Respiratory disorders -- section 3. Gastrointestinal disorders -- section 4. Renal disorders -- section 5. Neurologic disorders -- section 6. Psychiatric disorders -- section 7. Endocrinologic disorders -- section 8. Gynecologic and obstetric disorders -- section 9. Urologic disorders -- section 10. Immunologic disorders -- section 11. Rheumatologic disorders -- section 12. Ophthalmic and otolaryngological disorders -- section 13. Dermatologic disorders -- section 14. Hematologic disorders -- section 15. Infectious diseases -- section 16. Oncologic disorders -- section 17. Nutritional disorders. |
| 521 ## - TARGET AUDIENCE NOTE | |
| Target audience note | Pharmacy |
| 650 ## - SUBJECT ADDED ENTRY--TOPICAL TERM | |
| Topical term or geographic name as entry element | Chemotherapy. |
| 650 ## - SUBJECT ADDED ENTRY--TOPICAL TERM | |
| Topical term or geographic name as entry element | Physiology, Pathological. |
| 650 ## - SUBJECT ADDED ENTRY--TOPICAL TERM | |
| Topical term or geographic name as entry element | Drug therapy. |
| 700 1# - ADDED ENTRY--PERSONAL NAME | |
| Personal name | DiPiro, Joseph T., |
| Relator term | editor of compilation. |
| 700 1# - ADDED ENTRY--PERSONAL NAME | |
| Personal name | Talbert, Robert L., |
| Relator term | editor of compilation. |
| 700 1# - ADDED ENTRY--PERSONAL NAME | |
| Personal name | Yee, Gary C., |
| Relator term | editor of compilation. |
| 700 1# - ADDED ENTRY--PERSONAL NAME | |
| Personal name | Matzke, Gary R., |
| Relator term | editor of compilation. |
| 700 1# - ADDED ENTRY--PERSONAL NAME | |
| Personal name | Wells, Barbara G., |
| Relator term | editor of compilation. |
| 700 1# - ADDED ENTRY--PERSONAL NAME | |
| Personal name | Posey, L. Michael, |
| Relator term | editor of compilation. |
| 942 ## - ADDED ENTRY ELEMENTS (KOHA) | |
| Source of classification or shelving scheme | Library of Congress Classification |
| Koha item type | Books |
| Withdrawn status | Lost status | Source of classification or shelving scheme | Damaged status | Home library | Current library | Shelving location | Date acquired | Source of acquisition | Total Checkouts | Full call number | Barcode | Date last seen | Date checked out | Price effective from | Koha item type |
|---|---|---|---|---|---|---|---|---|---|---|---|---|---|---|---|
| Library of Congress Classification | South SEED-LPDH College Library | South SEED-LPDH College Library | South SEED-LPDH College Section | 01/28/2015 | Library Fund | 1 | RM 263 .P494 2014 | SSLC1384 | 05/15/2018 | 01/23/2018 | 01/28/2015 | Books |